<?xml version="1.0" encoding="UTF-8"?>
<collection xmlns="http://www.loc.gov/MARC21/slim">
<record>
  <controlfield tag="001">1878</controlfield>
  <controlfield tag="005">20160701171654.0</controlfield>
  <datafield tag="024" ind1="7" ind2=" ">
    <subfield code="a">10.1006/jmsp.1995.0018</subfield>
    <subfield code="2">DOI</subfield>
  </datafield>
  <datafield tag="037" ind1=" " ind2=" ">
    <subfield code="a">ASTROimport-35</subfield>
  </datafield>
  <datafield tag="100" ind1=" " ind2=" ">
    <subfield code="a">Melen, F.</subfield>
  </datafield>
  <datafield tag="260" ind1=" " ind2=" ">
    <subfield code="c">1995</subfield>
  </datafield>
  <datafield tag="245" ind1=" " ind2=" ">
    <subfield code="a">A new analysis of the OH radical spectrum from solar infrared observations.</subfield>
  </datafield>
  <datafield tag="520" ind1=" " ind2=" ">
    <subfield code="a">The solar spectrum offered the opportunity to discover OH lines with high rotational quantum numbers, which do not appear on laboratory spectra. On solar absorption spectra, the authors have identified about 580 lines, among which about 400 were observed for the first time. They belong to pure rotational transitions in the ground state (υ = 0→3; Jmax″= 48.5), as well as to the (1-0), (2-1), and (3-2) vibration-rotation bands (Jmax″= 32.5). Previous pure rotation, vibration-rotation, and Λ-doubling data sets related to the υ = 0 up to 3 levels were fitted simultaneously together with this new set of data, in order to obtain a very complete and accurate set of molecular constants for the X2Π ground state. </subfield>
  </datafield>
  <datafield tag="700" ind1=" " ind2=" ">
    <subfield code="a"> Sauval, A. J.</subfield>
  </datafield>
  <datafield tag="700" ind1=" " ind2=" ">
    <subfield code="a"> Grevesse, N.</subfield>
  </datafield>
  <datafield tag="700" ind1=" " ind2=" ">
    <subfield code="a"> Farmer, C. B.</subfield>
  </datafield>
  <datafield tag="700" ind1=" " ind2=" ">
    <subfield code="a"> Servais, C.</subfield>
  </datafield>
  <datafield tag="700" ind1=" " ind2=" ">
    <subfield code="a"> Delbouille, L.</subfield>
  </datafield>
  <datafield tag="700" ind1=" " ind2=" ">
    <subfield code="a"> Roland, G.</subfield>
  </datafield>
  <datafield tag="773" ind1=" " ind2=" ">
    <subfield code="p">Journal of Molecular Spectroscopy</subfield>
    <subfield code="v">174</subfield>
    <subfield code="y">1995</subfield>
    <subfield code="c">490-509</subfield>
  </datafield>
  <datafield tag="856" ind1="4" ind2="2">
    <subfield code="a">http://esoads.eso.org/abs/1995JMoSp.174..490M</subfield>
  </datafield>
  <datafield tag="905" ind1=" " ind2=" ">
    <subfield code="a">published in</subfield>
  </datafield>
  <datafield tag="980" ind1=" " ind2=" ">
    <subfield code="a">REFERD</subfield>
  </datafield>
</record>
</collection>